000 00185 a2200097 4500
020 _a9780844273891
041 _aspa
100 _aJudith Noble
245 _aThe hispanic way
942 _cK
999 _c27415
_d27415